Metodología para la difusión de investigaciones a nivel popular /
Tallennettuna:
| Päätekijä: | |
|---|---|
| Muut tekijät: | |
| Aineistotyyppi: | Teksti |
| Julkaistu: |
San José:
CSUCA
|
| Tagit: |
Lisää tagi
Ei tageja, Lisää ensimmäinen tagi!
|
MARC
| LEADER | 00000 a a2200000 04500 | ||
|---|---|---|---|
| 001 | 21425 | ||
| 003 | |||
| 040 | |a CRAI/IIS |c CRAI/IIS | ||
| 090 | |a 094400 | ||
| 100 | |a Valle de Castillo, Indiana | ||
| 245 | |a Metodología para la difusión de investigaciones a nivel popular / |c Indiana Valle de Castillo | ||
| 260 | |a San José: |b CSUCA | ||
| 300 | |a 29 p. | ||
| 700 | |a Castilla Urbina, Miguel de | ||
| 999 | |c 14518 |d 14518 | ||
